[Event "IECG QE.2004.0.00065"]
[Site "IECG email"]
[Date "2004.02.03"]
[Round "2"]
[White "Akguen, Kerem Osman"]
[Black "Michos, Dionyssios"]
[Result "0-1"]
[WhiteElo "1360"]
[BlackElo "1207"]
[PlyCount "44"]
[EventDate "2004.02.03"]
[EventType "tourn (corr)"]
[EventRounds "6"]
[SourceTitle "Corr 2008"]
[Source "ChessBase"]
[SourceDate "2008.06.24"]
[SourceVersion "1"]
[SourceVersionDate "2008.06.24"]
[SourceQuality "1"]

1. e4 e5 2. Nf3 Nc6 3. Bb5 a6 4. Ba4 Nf6 5. 0-0 Be7 6. Re1 b5 7. Bb3 d6 8. c3 0-0 9. h3 Na5 10. Bc2 c5 11. d4 Qc7 12. Nbd2 cxd4 13. cxd4 Nc6 14. Nb3 a5 15. Be3 a4 16. Nbd2 Bd7 17. Rc1 Qb7 18. Qe2 exd4 19. Bxd4 Nxd4 20. Nxd4 Rfe8 21. N2f3 d5 22. e5 Bb4 0-1